01155nam a22002892a 45000010005000000030008000050050017000130080041000300350050000710400042001210410008001630510024001710820022001951000044002172450128002612600056003893000034004455040031004796500046005106500048005568300019006047100042006238300032006659420012006979990015007099520141007243533BD-RjUL20211208233740.0131219s1964 dcua b 000 0 eng d a(BD-RjUL)3567aOCLC ocm01444651 from D950330M aDLCcJPLdSERdIXAdEQOdBD-RjULbeng aeng aHG4098b.B7cCopy 2 a338.098bBRD 19641 aBrandenburg, Frank Ralph,d1926-91114114aThe development of Latin American private enterprise,ba report /cby Frank Brandenburg. With an introd. by Theodore Geiger aWashington :bNational Planning Association,c1964. axii, 136 p.billus. :c23 cm. aBibliographical footnotes. 0aCapital investmentszLatin America911142 0aInvestments, ForeignzLatin America.911143 0vno. 1219111672 aNational Planning Association.911145 0aPlanning pamphlets ;911146 2ddccBK c3533d3533 00102ddc40718NFICaRUCLbRUCLcReadingd1971-07-19eZeitlingerg25.00l0o338.098 BRD 1964r2013-12-19 00:00:00tC-1w2021-12-08yBK